Chemistry : (Record no. 10992)

MARC details
000 -LEADER
fixed length control field 00790cam a2200229 a 4500
003 - CONTROL NUMBER IDENTIFIER
control field URS
005 - DATE AND TIME OF LATEST TRANSACTION
control field 20260223115310.0
008 - FIXED-LENGTH DATA ELEMENTS--GENERAL INFORMATION
fixed length control field 990325s2000 njua 001 0 eng
020 ## - INTERNATIONAL STANDARD BOOK NUMBER
International Standard Book Number 0130103101
040 ## - CATALOGING SOURCE
Transcribing agency URS
Language of cataloging English
Description conventions rda
050 00 - LIBRARY OF CONGRESS CALL NUMBER
Classification number QD31.2
Item number .B78 2000
100 ## - MAIN ENTRY--PERSONAL NAME
Personal name Brown, Theodore L.
Fuller form of name (Theodore Lawrence),
Dates associated with a name 1928
Relator term author.
245 10 - TITLE STATEMENT
Title Chemistry :
Remainder of title the central science /
Statement of responsibility, etc Theodore L. Brown, H. Eugene LeMay, Jr., Bruce E. Bursten.
250 ## - EDITION STATEMENT
Edition statement 8th ed.
264 ## - PUBLICATION, DISTRIBUTION, ETC. (IMPRINT)
Place of publication, distribution, etc Upper Saddle River, New Jersey :
Name of publisher, distributor, etc Prentice Hall,
Date of publication, distribution, etc ©2000.
300 ## - PHYSICAL DESCRIPTION
Extent xxxiii, 1023 pages :
Other physical details illustrations ;
Dimensions 27 cm.
500 ## - GENERAL NOTE
General note Includes index.
650 #0 - SUBJECT ADDED ENTRY--TOPICAL TERM
Topical term or geographic name as entry element Chemistry.
700 ## - ADDED ENTRY--PERSONAL NAME
Personal name LeMay, H. Eugene,
Fuller form of name (Harold Eugene),
Dates associated with a name 1940-
Relator term author.
700 ## - ADDED ENTRY--PERSONAL NAME
Personal name Bursten, Bruce Edward,
Relator term author.
942 ## - ADDED ENTRY ELEMENTS (KOHA)
Source of classification or shelving scheme Library of Congress Classification
Koha item type Foreign Books
Holdings
Withdrawn status Lost status Source of classification or shelving scheme Damaged status Not for loan Collection code Home library Current library Shelving location Date acquired Source of acquisition Total Checkouts Full call number Barcode Date last seen Copy number Koha item type
    Library of Congress Classification     Non-fiction Taytay College Library Taytay College Library Foreign Section 02/21/2019 Donation   QD31.2 .B78 2000 URSTAY-4283 06/04/2025 1 Foreign Books

University of Rizal System
Email us at univlibservices@urs.edu.ph

Visit our Website www.urs.edu.ph/library